| 000 | 00612nam a22001937a 4500 | ||
|---|---|---|---|
| 999 |
_c164962 _d164962 |
||
| 005 | 20190530164901.0 | ||
| 010 | _aUR-10169 | ||
| 020 |
_c100.00 _a9789386624413 |
||
| 035 | _aU-8724 | ||
| 037 | _bDBAD/PUB | ||
| 082 | _aک | ||
| 100 | _aحميد اللہ خا ن | ||
| 245 |
_aنئ بستی _cحميد اللہ خا ن |
||
| 246 |
_bNai Basti (Urdu) _aby Hamidullah Khan |
||
| 260 |
_a Delhi _bEducational Publishing House _c2017 ء |
||
| 270 |
_a3191،Vakil Street,Kucha Pandit,Lal Kuan, _bDelhi _e110006 _k23216162 _l00911123211540 |
||
| 300 |
_a83ص _c22 Cm(B.b) |
||
| 942 |
_2ddc _cUR _h ک _mخ ا ن |
||